00659nam a2200205Ia 4500003000900000008004100009020001800050040001600068080001600084100002400100245008600124260003600210300001000246650004100256650001400297650001900311942000700330999001500337952010100352IN-BaIIA211028s9999 xx 000 0 eng d a0-460-04286-6 cIIA Library a524.83bDAV aDavies, Paul910826 4aThe runaway universecPaul Davies  aLondonbJ. M. Dent & Sonsc1978 a205p. aAstronomy and astrophysics thesaurus aCosmology aUniverse91987 cBK c6310d6310 00104070aBANbBANcGENd1979-09-24l0o524.83/ DAVp7031r2021-11-05w1979-09-24yBKG£ 5.95